| 000 | 00669cam a22002291a 4500 | ||
|---|---|---|---|
| 001 | 19843 | ||
| 003 | BD-RjUL | ||
| 005 | 20211209000503.0 | ||
| 008 | 140225r19621952vra 000 1 eng d | ||
| 035 | _a(BD-RjUL)19904 | ||
| 035 | _a359780 | ||
| 040 |
_aANL _beng _cANL _dBD-RjUL |
||
| 041 | _aeng | ||
| 082 | 0 | 0 |
_a821.082 _bPOE 1962 |
| 245 | 0 | 0 |
_aPoets' quest / _cselected by E. A. Southwell ; introd. by Enid Moodie Heddle. |
| 260 |
_aMelbourne : _bLongmans, _c1952 [Reprinted 1962]. |
||
| 300 |
_a192p. ; _c19cm. |
||
| 650 | 0 |
_aEnglish poetry. _960943 |
|
| 650 | 0 |
_aAustralian poetry. _955909 |
|
| 700 | 1 |
_aSouthwell, E. A. _q(Elsie Annie) _960944 |
|
| 942 |
_2ddc _cBK |
||
| 999 |
_c19843 _d19843 |
||